000 00653cam a2200217 a 4500
001 000018829
005 20200929165850.0
008 820301s1864 fr 000 0 fre d
040 _aDO-SdBNP
_bfre
_cLC
_dBNPHU
082 _a843.6
_bD886c
100 1 _aDumas, Alexandre,
_d1802-1870.
_93715
245 1 3 _aLe comte de Monte-Cristo /
_cAlexandre Dumas.
260 _aParis :
_bGallimard,
_c1864.
300 _a510 p. ;
_c18 cm.
490 1 _aLe Livre de Poche,
_vt. 3
650 4 _aNovela francesa
_91075
650 4 _aLiteratura francesa
_91074
830 0 _aLe Livre de Poche ;
_vt. 3
_939384
910 _aCatalogación derivada / LC
049 _aBNGR
999 _c18349
_d18349